Introduction to management science : (Record no. 1181)

MARC details
000 -LEADER
fixed length control field 00868nam a2200229 ar4500
001 - CONTROL NUMBER
control field 1182
005 - DATE AND TIME OF LATEST TRANSACTION
control field 20221127090147.0
008 - FIXED-LENGTH DATA ELEMENTS--GENERAL INFORMATION
fixed length control field 090310s xxua 00110|eng d
020 ## - INTERNATIONAL STANDARD BOOK NUMBER
International Standard Book Number 9780071259279(pbk) :`
Terms of availability No price.
082 04 - DEWEY DECIMAL CLASSIFICATION NUMBER
Classification number 658.4032
Item number H558 2008
100 1# - MAIN ENTRY--PERSONAL NAME
Personal name Hillier, Frederick S.
245 10 - TITLE STATEMENT
Title Introduction to management science :
Remainder of title a modeling and case studies approach with spreadsheets /
Statement of responsibility, etc. F. Hillier, Mark. Hillier ; cases developed by Karl Schmedders, Molly Stephens.
250 ## - EDITION STATEMENT
Edition statement 3nd ed.
260 ## - PUBLICATION, DISTRIBUTION, ETC.
Place of publication, distribution, etc. Boston, Mass. :
Name of publisher, distributor, etc. McGraw-Hill,
Date of publication, distribution, etc. 2008.
300 ## - PHYSICAL DESCRIPTION
Extent xxii, 602 p. :
Other physical details ill. ;
Dimensions 28 cm.
Accompanying material 1 CD.
440 #0 - SERIES STATEMENT/ADDED ENTRY--TITLE
Title McGraw-Hill/Irwin series in operations and decision sciences.
500 ## - GENERAL NOTE
General note Includes index.
650 #4 - SUBJECT ADDED ENTRY--TOPICAL TERM
Topical term or geographic name entry element Management science.
650 #4 - SUBJECT ADDED ENTRY--TOPICAL TERM
Topical term or geographic name entry element Operations research.
650 #4 - SUBJECT ADDED ENTRY--TOPICAL TERM
Topical term or geographic name entry element Management
Form subdivision Case studies.
700 0# - ADDED ENTRY--PERSONAL NAME
Personal name Hillier, Mark S.,
Relator term jt. atuh.
Holdings
Withdrawn status Lost status Source of classification or shelving scheme Damaged status Not for loan Home library Current library Date acquired Total Checkouts Full call number Barcode Date last seen Copy number Price effective from Koha item type
          CENTRAL CENTRAL 11/27/2022   658.4032 H558 2008 1000000001061 11/27/2022 C1 11/27/2022 Book